[Event "Kieler Open 2019-A"]
[Site "Kiel"]
[Date "2019.07.27"]
[Round "2.34"]
[White "Gombert, Reiner"]
[Black "Wenske, Hardy"]
[Result "1-0"]
[WhiteElo "1918"]
[BlackElo "1749"]
[Annotator "PS"]
[PlyCount "87"]
[EventDate "2019.??.??"]
[WhiteTeam "Schleswiger SV von 1919"]
[BlackTeam "Kieler SG"]

1. d4 d5 2. Nf3 Nf6 3. c4 c6 4. g3 e6 5. Bg2 Bb4+ 6. Nbd2 Ne4 7. O-O Nxd2 8.
Bxd2 Bxd2 9. Qxd2 O-O 10. Rac1 Nd7 11. Rfd1 Re8 12. a3 Qe7 13. b4 Nb6 14. c5
Nc4 15. Qc3 e5 16. dxe5 Nxe5 17. Nxe5 Qxe5 18. Qxe5 Rxe5 19. e4 Bg4 20. f3 Be6
21. f4 Rh5 22. Bf3 Rh6 23. exd5 cxd5 24. Bxd5 Bxd5 25. Rxd5 Re6 26. Rcd1 Kf8
27. Kf2 Rae8 28. R1d2 g6 29. Rd7 R6e7 30. Rxe7 Rxe7 31. Rd8+ Kg7 32. Rd6 Kf8
33. Rd5 Ke8 34. Re5 Rxe5 35. fxe5 Kd7 36. Ke3 Kc6 37. Kd4 Kb5 38. Kd5 Ka4 39.
Kd6 Kb5 40. Kc7 Ka6 41. a4 b5 42. a5 h5 43. c6 g5 44. Kb8 1-0

[Event "Kieler Open 2019-A"]
[Site "Kiel"]
[Date "2019.07.27"]
[Round "2.35"]
[White "Sallandt, Frido"]
[Black "Buchholz, Ralf"]
[Result "1-0"]
[WhiteElo "1680"]
[BlackElo "1909"]
[Annotator "PS"]
[PlyCount "100"]
[EventDate "2019.??.??"]
[WhiteTeam "SV Bad Schwartau"]
[BlackTeam "Königsspr Braunschweig"]

1. e4 d6 2. d4 Nf6 3. Nc3 c6 4. f4 Qc7 5. Nf3 Bg4 6. Be2 Nbd7 7. e5 Nd5 8. Nxd5
cxd5 9. O-O e6 10. c3 dxe5 11. dxe5 Bc5+ 12. Nd4 Bxe2 13. Qxe2 Bxd4+ 14. cxd4
O-O 15. Be3 Rac8 16. Rac1 Qa5 17. a3 Nb6 18. Bd2 Qa4 19. Bb4 Rfe8 20. Qf3 g6
21. g4 a5 22. Bc3 Qb5 23. f5 gxf5 24. gxf5 Qd7 25. f6 Kh8 26. Bxa5 Rxc1 27.
Rxc1 Nc4 28. Bc3 Rg8+ 29. Kh1 Qb5 30. Rg1 Qe8 31. Rxg8+ Qxg8 32. Qg2 Qf8 33. b3
Ne3 34. Qg5 Nf5 35. Bb4 Qc8 36. Qd2 b6 37. Qc3 Qa6 38. Kg1 h6 39. Qc6 Qa7 40.
Qe8+ Kh7 41. Be7 Kg6 42. Qg8+ Kh5 43. Qxf7+ Kg4 44. Qxe6 b5 45. Qxd5 Nxd4 46.
Bc5 Ne2+ 47. Kf2 Qh7 48. Qf3+ Kh4 49. Be7 Qf7 50. Kxe2 Qe6 1-0

[Event "Kieler Open 2019-A"]
[Site "Kiel"]
[Date "2019.07.27"]
[Round "2.36"]
[White "Dannehr, Jürgen"]
[Black "Ortner, Jonas Ruben"]
[Result "1/2-1/2"]
[WhiteElo "1909"]
[BlackElo "1740"]
[Annotator "PS"]
[PlyCount "106"]
[EventDate "2019.??.??"]
[WhiteTeam "SV Gifhorn"]
[BlackTeam "SK Bebenhausen"]

1. d4 Nf6 2. c4 e6 3. Nc3 Bb4 4. e3 c5 5. Bd3 Nc6 6. Nge2 Bxc3+ 7. bxc3 d6 8.
O-O O-O 9. e4 e5 10. d5 Ne7 11. Ng3 Ng6 12. Bg5 h6 13. Bd2 Re8 14. Qc1 Bd7 15.
Rb1 b6 16. f3 Kh8 17. Nf5 Bxf5 18. exf5 Nf8 19. Be4 N8h7 20. Qe1 Nxe4 21. fxe4
f6 22. Qe2 Qd7 23. h4 Rf8 24. Rb3 Kg8 25. Rfb1 Rfb8 26. g4 Qd8 27. a4 Rb7 28.
Bc1 Rbb8 29. Qb2 Rb7 30. Rb5 Rab8 31. a5 Nf8 32. Qg2 Nh7 33. a6 Rf7 34. Kf2 Kf8
35. Be3 Ke8 36. Ke2 Kd7 37. Kd3 Qe7 38. Qa2 Kc7 39. R5b2 Nf8 40. Qa4 Qd7 41.
Qb5 Qxb5 42. cxb5 Nd7 43. Rg2 Rh8 44. Rbg1 Kd8 45. c4 Ke7 46. Rg3 Kf8 47. Bd2
Ke7 48. g5 hxg5 49. hxg5 fxg5 50. Rxg5 Kf8 51. R5g3 Rh7 52. Bg5 Nf6 53. Ke3 Rh8
1/2-1/2

[Event "Kieler Open 2019-A"]
[Site "Kiel"]
[Date "2019.07.27"]
[Round "2.37"]
[White "Schmidt, Peter"]
[Black "Koch, Ralf-Johannes"]
[Result "1-0"]
[WhiteElo "1881"]
[BlackElo "1724"]
[Annotator "PS"]
[PlyCount "39"]
[EventDate "2019.??.??"]
[WhiteTeam "Kieler SG"]
[BlackTeam "Eckernförder SC"]

1. e4 d6 2. d4 Nf6 3. Nc3 g6 4. f4 Bg7 5. Nf3 O-O 6. e5 Nfd7 7. h4 c5 8. h5
cxd4 9. hxg6 hxg6 10. Qxd4 Nc6 11. Qg1 Re8 12. e6 fxe6 13. Qh2 Nf8 14. Bd3 Qa5
15. Bd2 Nb4 16. Bxg6 Nxg6 17. Qh7+ Kf7 18. Ng5+ Kf6 19. Nce4+ Kf5 20. Qh3# 1-0

[Event "Kieler Open 2019-A"]
[Site "Kiel"]
[Date "2019.07.27"]
[Round "2.38"]
[White "Schützhold, Frank"]
[Black "Marcussen, Claus"]
[Result "0-1"]
[WhiteElo "1860"]
[BlackElo "1712"]
[Annotator "PS"]
[PlyCount "86"]
[EventDate "2019.??.??"]
[WhiteTeam "SC Naunhof"]

1. b3 d5 2. Bb2 Nc6 3. f4 Bf5 4. e3 e5 5. fxe5 Qh4+ 6. g3 Qe4 7. Nf3 Qxc2 8.
Qxc2 Bxc2 9. Bb5 Be4 10. Bxc6+ bxc6 11. O-O Be7 12. Nd4 Bd3 13. Rc1 c5 14. Nc6
c4 15. Nc3 Kd7 16. Nxe7 Nxe7 17. Na4 Kc6 18. Ba3 Ng6 19. bxc4 dxc4 20. Nb2 Kd7
21. Nxd3 cxd3 22. Rc5 Rhe8 23. Bb2 c6 24. Rac1 Re6 25. Bd4 Rb8 26. R1c3 Rb2 27.
Ra5 Rxd2 28. Rxa7+ Kc8 29. Ra8+ Kc7 30. Ra7+ Kc8 31. Rca3 Nxe5 32. Bxe5 Rxe5
33. Rxf7 Kb8 34. Raa7 Rb5 35. Rad7 Rb1+ 36. Rf1 Rxf1+ 37. Kxf1 Kc8 38. Rd4 Kc7
39. Ke1 Rxa2 40. h4 Re2+ 41. Kf1 Rxe3 42. Kf2 Re7 43. Rxd3 c5 0-1

[Event "Kieler Open 2019-A"]
[Site "Kiel"]
[Date "2019.07.27"]
[Round "2.39"]
[White "Bräutigam, Katerina"]
[Black "Röhr, Susanne"]
[Result "0-1"]
[WhiteElo "1837"]
[BlackElo "1677"]
[Annotator "PS"]
[PlyCount "84"]
[EventDate "2019.??.??"]
[WhiteTeam "SV VHS Rendsburg"]
[BlackTeam "Potsdamer SV Mitte"]

1. e4 c5 2. Be2 Nc6 3. f4 e6 4. Nf3 Nf6 5. Nc3 d6 6. d3 Be7 7. O-O O-O 8. h3 a6
9. Qe1 Nd4 10. Qd1 b5 11. Be3 Nxe2+ 12. Qxe2 b4 13. Nd1 Bb7 14. Kh1 Rc8 15. Rg1
c4 16. g4 d5 17. e5 Ne8 18. d4 Bc6 19. Qg2 a5 20. Qg3 a4 21. h4 Bb5 22. h5 c3
23. b3 Be2 24. h6 Bxf3+ 25. Qxf3 f6 26. hxg7 Nxg7 27. exf6 Bxf6 28. Qh3 Be7 29.
Kg2 Qe8 30. Nf2 Qg6 31. Nd3 Bd6 32. Rh1 Rf7 33. Rh2 Nf5 34. Bf2 Rg7 35. g5 Rf8
36. Re1 axb3 37. axb3 Ra8 38. Rhh1 (38. Reh1 Rf8 39. Ra1 Bxf4 40. Nxf4 Qxg5+
41. Bg3 Nxg3 42. Nxe6 Qd2+) 38... Rf8 39. Ra1 Bxf4 40. Nxf4 Qxg5+ 41. Bg3 Nxg3
42. Nxe6 Qd2+ 0-1

[Event "Kieler Open 2019-A"]
[Site "Kiel"]
[Date "2019.07.27"]
[Round "2.40"]
[White "Samuelson, Bernd"]
[Black "Schramm, Daniel"]
[Result "0-1"]
[WhiteElo "1665"]
[BlackElo "1837"]
[Annotator "PS"]
[PlyCount "30"]
[EventDate "2019.??.??"]
[WhiteTeam "VSF Flintbek"]
[BlackTeam "Kieler SG"]

1. e4 g6 2. d4 Bg7 3. Nf3 c6 4. Nc3 d5 5. e5 Bg4 6. h3 Bxf3 7. Qxf3 e6 8. Bd3
Ne7 9. O-O O-O 10. b3 c5 11. Be3 cxd4 12. Bxd4 Nbc6 13. Qe3 Nxd4 14. Qxd4 Nc6
15. Qe3 d4 0-1

[Event "Kieler Open 2019-A"]
[Site "Kiel"]
[Date "2019.07.27"]
[Round "2.41"]
[White "Kollhoff, Josef"]
[Black "Rommeck, Christiane"]
[Result "1-0"]
[WhiteElo "1833"]
[BlackElo "1567"]
[Annotator "PS"]
[PlyCount "63"]
[EventDate "2019.??.??"]
[WhiteTeam "Kieler SG"]
[BlackTeam "VSF Flintbek"]

1. d4 Nf6 2. c4 e6 3. Nf3 c5 4. d5 exd5 5. cxd5 d6 6. Nc3 Be7 7. e4 Bg4 8. Be2
Nbd7 9. O-O O-O 10. h3 Bh5 11. Bf4 Re8 12. Nd2 Bxe2 13. Qxe2 a6 14. a4 Bf8 15.
Nc4 Ne5 16. a5 Rc8 17. Bxe5 dxe5 18. Nb6 Rc7 19. Rfd1 Bd6 20. Rac1 Nd7 21. Nca4
Nxb6 22. axb6 Rc8 23. Rc4 Qg5 24. Rdc1 f5 25. b4 fxe4 26. bxc5 Bxc5 27. Nxc5
Rf8 28. Ne6 Qxc1+ 29. Rxc1 Rxc1+ 30. Kh2 Rf6 31. Qe3 Rc2 32. Qg5 1-0

[Event "Kieler Open 2019-A"]
[Site "Kiel"]
[Date "2019.07.27"]
[Round "2.42"]
[White "Stegert, Jonas"]
[Black "Mohamed, Galal"]
[Result "1/2-1/2"]
[WhiteElo "1495"]
[BlackElo "1833"]
[Annotator "PS"]
[PlyCount "150"]
[EventDate "2019.??.??"]
[WhiteTeam "SC Agon Neumünster"]
[BlackTeam "VSF Flintbek"]

1. e4 e6 2. d4 d5 3. e5 c5 4. c3 Nc6 5. Nf3 Qb6 6. Be2 cxd4 7. cxd4 Nge7 8. Nc3
Nf5 9. Na4 Qa5+ 10. Nc3 Bb4 11. Qd3 Qb6 12. Be3 Be7 13. O-O O-O 14. a3 Na5 15.
b4 Nc4 16. Na4 Qc6 17. Nc5 b6 18. Nb3 a5 19. bxa5 bxa5 20. Nbd2 Ba6 21. Nxc4
dxc4 22. Qc3 Qa4 23. Bd1 Qb5 24. Bc2 Nxe3 25. fxe3 Rfb8 26. Rab1 Qd5 27. Nd2
Rxb1 28. Rxb1 Rc8 29. Be4 Qd8 30. Kf2 Rb8 31. Rxb8 Qxb8 32. Bf3 Qb5 33. Be2 Qa4
34. Bxc4 Bb7 35. Nb1 Qd1 36. Qb3 Bh4+ 37. g3 Qf3+ 38. Ke1 Bg5 39. Nd2 Qxe3+ 40.
Qxe3 Bxe3 41. Bb5 Bxd4 42. Nc4 Bd5 43. Ke2 Bxc4+ 44. Bxc4 Bxe5 45. Kf3 Kf8 46.
Bd3 h5 47. h3 Ke7 48. Kf2 Kd6 49. Be2 g6 50. Bb5 g5 51. Be8 Ke7 52. Bb5 h4 53.
g4 Kd6 54. Bd3 Bd4+ 55. Kf3 Ke5 56. a4 Bg1 57. Bc2 Bh2 58. Bb1 Kd4 59. Bh7 Kc3
60. Be4 Kd2 61. Bh7 e5 62. Bg8 Kd3 63. Bh7+ Kd4 64. Bf5 Bf4 65. Be4 Kc3 66. Bc6
Kd3 67. Be4+ Kd2 68. Bc6 Ke1 69. Bb5 f6 70. Bd3 Kd2 71. Be4 Bg3 72. Bd5 Kd3 73.
Be4+ Kd4 74. Bf5 Be1 75. Be4 Bb4 1/2-1/2

[Event "Kieler Open 2019-A"]
[Site "Kiel"]
[Date "2019.07.27"]
[Round "2.43"]
[White "Priemer, Siegfried"]
[Black "Tran, Minh Dat"]
[Result "1/2-1/2"]
[WhiteElo "1833"]
[BlackElo "1559"]
[Annotator "PS"]
[PlyCount "116"]
[EventDate "2019.??.??"]
[WhiteTeam "SC Agon Neumünster"]
[BlackTeam "SC Agon Neumünster"]

1. d4 g6 2. c4 Bg7 3. Nc3 d6 4. Nf3 e5 5. e4 Nc6 6. d5 Nb8 7. Be2 Nf6 8. O-O
Nbd7 9. b4 a5 10. Qb3 axb4 11. Qxb4 Nc5 12. Qb1 O-O 13. Be3 b6 14. Nd2 Nfd7 15.
Nb3 Ba6 16. Qc2 Rb8 17. Nb5 Nxb3 18. axb3 Bxb5 19. cxb5 Nc5 20. b4 Nd7 21. Ra7
Rc8 22. Rc1 f5 23. exf5 gxf5 24. Rxc7 Rxc7 25. Qxc7 f4 26. Bd2 Nf6 27. f3 Kh8
28. Qc4 Qa8 29. Bd3 Qxd5 30. Qxd5 Nxd5 31. Rc6 Rd8 32. Bc4 Ne3 33. Bxe3 fxe3
34. Bd5 e4 35. Bxe4 d5 36. Bd3 Bd4 37. Kf1 Ra8 38. Ke2 Ra2+ 39. Rc2 Ra4 40. f4
Rxb4 41. g4 Bc5 42. h4 Rxf4 43. g5 Rxh4 44. Kf3 Kg7 45. Ra2 Rh1 46. Ra7+ Kg8
47. Ra8+ Kf7 48. Ra7+ Ke6 49. Rxh7 Rxh7 50. Bxh7 d4 51. Bd3 Be7 52. Ke4 Bxg5
53. Kxd4 Bf4 54. Ke4 Bg5 55. Be2 Bh6 56. Bc4+ Kf6 57. Kd5 Bf8 58. Ke4 Kg5
1/2-1/2

[Event "Kieler Open 2019-A"]
[Site "Kiel"]
[Date "2019.07.27"]
[Round "2.44"]
[White "Rohmann, Volker"]
[Black "Inani, Darpan"]
[Result "0-1"]
[WhiteElo "1752"]
[BlackElo "1956"]
[Annotator "PS"]
[PlyCount "74"]
[EventDate "2019.??.??"]
[WhiteTeam "SVG Friedrichsort"]

1. e4 c5 2. Nf3 d6 3. c4 Nf6 4. Nc3 a6 5. d4 cxd4 6. Nxd4 e6 7. Be2 Be7 8. O-O
Qc7 9. Be3 b6 10. Rc1 Bb7 11. f3 Nbd7 12. Qd2 Rc8 13. b3 Qb8 14. g4 h6 15. Bf2
g5 16. Bg3 Ne5 17. Qe3 h5 18. h3 hxg4 19. hxg4 Nfd7 20. Kg2 Bf6 21. Rh1 Rg8 22.
Rh5 Qc7 23. Rhh1 Qc5 24. Bf2 Ng6 25. Rhd1 Be5 26. b4 Qxb4 27. Rb1 Qc5 28. Na4
Qc7 29. Qb3 Nf4+ 30. Kf1 Rh8 31. Ke1 Rh1+ 32. Kd2 Rxd1+ 33. Kxd1 Nc5 34. Nxc5
dxc5 35. Nc2 Bc6 36. Bf1 Qd7+ 37. Kc1 Rd8 0-1

[Event "Kieler Open 2019-A"]
[Site "Kiel"]
[Date "2019.07.28"]
[Round "3.1"]
[White "Legky, Nikolay A"]
[Black "Horn, Peter"]
[Result "1-0"]
[WhiteElo "2397"]
[BlackElo "2137"]
[Annotator "HJH"]
[PlyCount "73"]
[EventDate "2019.??.??"]
[BlackTeam "Concordia Palamedes"]

1. Nf3 d5 2. g3 Nf6 3. Bg2 e6 4. O-O Be7 5. c4 O-O 6. d4 c6 7. Nc3 Nbd7 8. Nd2
b6 9. e4 dxe4 10. Ndxe4 Bb7 11. Qc2 Nxe4 12. Nxe4 Nf6 13. Rd1 Qd7 14. Ng5 Rad8
15. Bf4 h6 16. Nf3 Qc8 17. c5 bxc5 18. dxc5 Rxd1+ 19. Rxd1 Rd8 20. b4 Rxd1+ 21.
Qxd1 Nd5 22. Qd2 Bf6 23. Be5 Bxe5 24. Nxe5 Ba6 25. a3 f6 26. Ng6 Kf7 27. Be4
Bc4 28. Nf4 Nxf4 29. Qxf4 Qd7 30. Qd6 Qxd6 31. cxd6 Bd5 32. Bg6+ Kf8 33. f4 e5
34. fxe5 fxe5 35. Kf2 Bh1 36. Ke3 Bg2 37. Be4 1-0

[Event "Kieler Open 2019-A"]
[Site "Kiel"]
[Date "2019.07.28"]
[Round "3.2"]
[White "Petri, Alexander"]
[Black "Lanka, Zigurds"]
[Result "0-1"]
[WhiteElo "2146"]
[BlackElo "2395"]
[Annotator "PH"]
[PlyCount "80"]
[EventDate "2019.??.??"]

1. d4 Nf6 2. Nf3 g6 3. Bg5 Bg7 4. Nbd2 O-O 5. c3 d6 6. e4 c5 7. d5 h6 8. Bh4 e6
9. dxe6 Bxe6 10. Bxf6 Qxf6 11. Bc4 Nc6 12. O-O Rab8 13. a4 g5 14. Bxe6 fxe6 15.
Nc4 Rfd8 16. e5 Qf4 17. Qe2 d5 18. Ncd2 Rf8 19. g3 Qf5 20. Kg2 Rf7 21. h3 Rbf8
22. a5 Qc2 23. Rfc1 Qg6 24. Rf1 Rf5 25. Qe3 c4 26. Nd4 Rxe5 27. Nxc6 bxc6 28.
Qxa7 Re2 29. Rad1 Qc2 30. Nxc4 Qe4+ 31. Kg1 Qxc4 32. a6 Rxb2 33. Ra1 Rbb8 34.
Qd7 d4 35. a7 Ra8 36. Rab1 dxc3 37. Rb7 Qd4 38. Qxe6+ Kh8 39. Qxc6 Rxa7 40.
Rxa7 Qxa7 0-1

[Event "Kieler Open 2019-A"]
[Site "Kiel"]
[Date "2019.07.28"]
[Round "3.3"]
[White "Simantsev, Mikhail"]
[Black "Hartwig, Frank"]
[Result "1-0"]
[WhiteElo "2346"]
[BlackElo "2059"]
[Annotator "PH"]
[PlyCount "67"]
[EventDate "2019.??.??"]

1. d4 d6 2. Nf3 Nf6 3. c4 e6 4. Nc3 c6 5. e4 Be7 6. Bd3 Nfd7 7. O-O e5 8. Be3
Bf6 9. Qd2 Na6 10. Rfd1 Nc7 11. b4 b6 12. Be2 Bb7 13. Qc2 Qe7 14. d5 cxd5 15.
Nxd5 Nxd5 16. cxd5 O-O 17. Bb5 Rfc8 18. Bc6 Nb8 19. b5 Nd7 20. a4 Nf8 21. Nd2
Bg5 22. Bxg5 Qxg5 23. Nc4 Qe7 24. Qb3 Rd8 25. a5 Ng6 26. a6 Bc8 27. Bxa8 Nf4
28. Bc6 Qg5 29. g3 Bh3 30. Qe3 Bc8 31. Kh1 Bh3 32. Rg1 Qh5 33. gxf4 exf4 34.
Qxf4 1-0

[Event "Kieler Open 2019-A"]
[Site "Kiel"]
[Date "2019.07.28"]
[Round "3.4"]
[White "Köllner, Christof"]
[Black "Köllner, Ruben Gideon"]
[Result "0-1"]
[WhiteElo "2091"]
[BlackElo "2315"]
[Annotator "PH"]
[PlyCount "86"]
[EventDate "2019.??.??"]

1. d4 d5 2. c4 e6 3. Nc3 Be7 4. cxd5 exd5 5. Bf4 c6 6. Qc2 Bd6 7. Bxd6 Qxd6 8.
e3 Qg6 9. Qxg6 hxg6 10. Bd3 Bf5 11. O-O-O Nf6 12. Bxf5 gxf5 13. Nf3 Nbd7 14. h3
Nf8 15. Ne5 Ne4 16. Nd3 Ne6 17. f4 Ng3 18. Rhe1 f6 19. Rd2 Kf7 20. b4 Rae8 21.
Kb1 Re7 22. Rf2 Rhe8 23. Rc1 Nc7 24. Nd1 Nb5 25. a4 Na3+ 26. Ka1 Nc4 27. Rf3
Ne4 28. Ka2 Ncd2 29. Ne1 Nxf3 30. Nxf3 Nd6 31. Ne1 Nc4 32. Nc2 a6 33. Kb3 g5
34. fxg5 fxg5 35. b5 cxb5 36. axb5 a5 37. Kc3 Nd6 38. b6 Nc4 39. Rb1 Re6 40.
Rb5 Rd8 41. Kd3 Rxb6 42. Nc3 Rxb5 43. Nxb5 Ke6 0-1

[Event "Kieler Open 2019-A"]
[Site "Kiel"]
[Date "2019.07.28"]
[Round "3.5"]
[White "Kröncke, Manfred"]
[Black "Braun, Georg"]
[Result "0-1"]
[WhiteElo "2047"]
[BlackElo "2307"]
[Annotator "PH"]
[PlyCount "54"]
[EventDate "2019.??.??"]

1. e4 c5 2. Nf3 g6 3. g3 Bg7 4. Bg2 Nc6 5. O-O d6 6. d3 e5 7. c3 Nge7 8. Be3
O-O 9. a3 a5 10. a4 h6 11. d4 cxd4 12. cxd4 Bg4 13. Qd2 Bxf3 14. Bxf3 Nxd4 15.
Bxd4 exd4 16. Na3 Nc6 17. Bg2 Kh7 18. Rab1 Rc8 19. b3 Nb4 20. Rbc1 Rc3 21. Rb1
Qb6 22. Rfc1 Rfc8 23. Bf1 Qc6 24. Nc4 Qc7 25. Bh3 Rd8 26. Bg2 Qc5 27. Qf4 Nd3
0-1

[Event "Kieler Open 2019-A"]
[Site "Kiel"]
[Date "2019.07.28"]
[Round "3.6"]
[White "Latzke, Boris"]
[Black "Callsen, Niklas"]
[Result "1-0"]
[WhiteElo "2212"]
[BlackElo "2033"]
[Annotator "PH"]
[PlyCount "103"]
[EventDate "2019.??.??"]

1. d4 Nf6 2. c4 g6 3. Nc3 Bg7 4. e4 d6 5. f3 O-O 6. Be3 e5 7. d5 Nh5 8. Qd2 f5
9. O-O-O Nd7 10. exf5 gxf5 11. Bd3 Nc5 12. Bc2 Qh4 13. b3 Qe7 14. Nge2 a6 15.
Kb1 b5 16. b4 Nd7 17. cxb5 axb5 18. Bg5 Qf7 19. Bh6 Nf4 20. Bxg7 Qxg7 21. Nxf4
exf4 22. Qd4 Ne5 23. Bb3 Bd7 24. Ne2 Ng6 25. Qxg7+ Kxg7 26. Rc1 Rac8 27. Rc2 c5
28. dxc6 Rxc6 29. Rxc6 Bxc6 30. Rc1 Be8 31. Nd4 Kf6 32. Rc7 Ke5 33. Ne2 h5 34.
Kc1 h4 35. h3 Rf6 36. Kd2 d5 37. Rc5 Ne7 38. Nc1 Rc6 39. Nd3+ Kd4 40. Nxf4 Rxc5
41. Ne2+ Ke5 42. bxc5 f4 43. Bc2 b4 44. Bd3 Ba4 45. Ba6 Nc6 46. Nc1 Kf5 47. Nd3
Kg5 48. Bb7 Kf5 49. Bxc6 Bxc6 50. Nxb4 Bb5 51. c6 Ke6 52. c7 1-0

[Event "Kieler Open 2019-A"]
[Site "Kiel"]
[Date "2019.07.28"]
[Round "3.7"]
[White "Wunder, Niklas"]
[Black "Carlstedt, Jonathan"]
[Result "0-1"]
[WhiteElo "2095"]
[BlackElo "2408"]
[Annotator "PH"]
[PlyCount "86"]
[EventDate "2019.??.??"]

1. e4 e6 2. d4 d5 3. Nc3 Nf6 4. e5 Nfd7 5. f4 c5 6. Nf3 a6 7. Be3 Qb6 8. Na4
Qa5+ 9. c3 cxd4 10. b4 Qc7 11. Bxd4 Nc6 12. a3 Be7 13. Bd3 b5 14. Nb2 Nxd4 15.
cxd4 Qc3+ 16. Qd2 Qxd2+ 17. Nxd2 Nb6 18. Nb3 Nc4 19. Bxc4 dxc4 20. Na5 Bd8 21.
Kd2 O-O 22. Kc3 Bb6 23. Rad1 f6 24. Rd2 fxe5 25. fxe5 Ra7 26. Nd1 Raf7 27. Ne3
Bd8 28. Re1 Bg5 29. Ree2 Rf4 30. Ra2 Re4 31. Nd1 Rh4 32. Nf2 Rxh2 33. Ne4 Bh4
34. Nd6 Bd7 35. Nab7 Bc6 36. Nc5 Bxg2 37. Nxe6 Rf3+ 38. Kc2 Rfh3 39. Nf4 Bf3
40. Rxh2 Rxh2+ 41. Kb1 Rh1+ 42. Kb2 g5 43. Ne6 Bd5 0-1

[Event "Kieler Open 2019-A"]
[Site "Kiel"]
[Date "2019.07.28"]
[Round "3.8"]
[White "Voloshin, Leonid"]
[Black "Wendler, David"]
[Result "1-0"]
[WhiteElo "2376"]
[BlackElo "2094"]
[Annotator "PH"]
[PlyCount "74"]
[EventDate "2019.??.??"]

1. d4 Nf6 2. Nf3 g6 3. Nbd2 c5 4. dxc5 Qa5 5. a3 Qxc5 6. b4 Qc7 7. Bb2 Bg7 8.
e3 O-O 9. Be2 b6 10. O-O Bb7 11. c4 d6 12. Rc1 Nbd7 13. Re1 Rac8 14. Bf1 Qb8
15. Qc2 Qa8 16. e4 Nh5 17. Bxg7 Nxg7 18. Nd4 a6 19. Qb2 e5 20. Nc2 Ne6 21. f3
f5 22. Rcd1 Nf6 23. exf5 gxf5 24. Nb3 Qb8 25. Ne3 Nh5 26. Qd2 Rfd8 27. Nd5 Kh8
28. Qf2 b5 29. Na5 Nhf4 30. Nxf4 Nxf4 31. Qb6 Rg8 32. Kh1 Bxf3 33. Qxb8 {=}
33... Nxg2 34. Bxg2 Bxg2+ 35. Kg1 Rxb8 36. Rxd6 bxc4 37. Kf2 c3 {Zeit} 1-0

[Event "Kieler Open 2019-A"]
[Site "Kiel"]
[Date "2019.07.28"]
[Round "3.9"]
[White "Rieper, Julian"]
[Black "Melamed, Tatjana"]
[Result "0-1"]
[WhiteElo "2062"]
[BlackElo "2351"]
[Annotator "PH"]
[PlyCount "70"]
[EventDate "2019.??.??"]

1. e4 c5 2. Nf3 e6 3. d4 cxd4 4. Nxd4 Nc6 5. Nc3 Qc7 6. Be2 a6 7. a3 b5 8. Nxc6
Qxc6 9. O-O Bb7 10. Bf3 Qc7 11. a4 b4 12. Ne2 Nf6 13. Qd3 Rc8 14. c3 Bd6 15. g3
bxc3 16. Nxc3 Be5 17. Bg5 Qc4 18. Qxc4 Rxc4 19. Rfe1 O-O 20. Rad1 Bxc3 21. bxc3
Rxc3 22. Bg2 Bc6 23. Rd4 Rb8 24. Red1 e5 25. R4d2 Bxa4 26. Ra1 Bb5 27. f4 Rbc8
28. fxe5 Ng4 29. Bf1 Nxe5 30. Rd5 Nf3+ 31. Kg2 Bc6 32. Bd2 Bxd5 33. Bxc3 Bxe4
34. Ra4 Nd2+ 35. Kf2 Rxc3 0-1

[Event "Kieler Open 2019-A"]
[Site "Kiel"]
[Date "2019.07.28"]
[Round "3.10"]
[White "Röhr, Tobias"]
[Black "Franz, Karsten"]
[Result "1/2-1/2"]
[WhiteElo "2054"]
[BlackElo "2219"]
[Annotator "PH"]
[PlyCount "89"]
[EventDate "2019.??.??"]

1. d4 g6 2. c4 Bg7 3. Nc3 d6 4. e4 Nf6 5. Nf3 O-O 6. Be2 e5 7. O-O Nc6 8. d5
Ne7 9. b4 a5 10. Ba3 Nd7 11. bxa5 Rxa5 12. Bb4 Ra8 13. a4 Nc5 14. Nd2 Bd7 15.
Bxc5 dxc5 16. Nb3 b6 17. a5 Nc8 18. axb6 Rxa1 19. Qxa1 cxb6 20. Nd2 Nd6 21. Rb1
Qc7 22. Bd3 f5 23. Qb2 Rb8 24. Nf3 Qd8 25. Ra1 Rb7 26. Qe2 h6 27. Ra6 f4 28.
Bc2 g5 29. Ba4 Bc8 30. Nd2 Bf8 31. Nb5 g4 32. f3 gxf3 33. Nxf3 Bg4 34. Nxd6
Qxd6 35. Bc6 Rg7 36. Rxb6 Bh3 37. Ne1 Qf6 38. Rb7 Rg5 39. Rb3 Bg4 40. Nf3 Rg7
41. Ra3 Bh3 42. Ne1 Bg4 43. Nf3 Bh3 {=} 44. Ne1 Bg4 45. Nf3 1/2-1/2

[Event "Kieler Open 2019-A"]
[Site "Kiel"]
[Date "2019.07.28"]
[Round "3.11"]
[White "Berenstein, Alexander"]
[Black "Pluska, Alexander"]
[Result "1/2-1/2"]
[WhiteElo "1972"]
[BlackElo "2207"]
[Annotator "PH"]
[PlyCount "78"]
[EventDate "2019.??.??"]

1. d4 Nf6 2. c4 e6 3. Nf3 a6 4. g3 b5 5. Bg2 Bb7 6. Qb3 c5 7. O-O cxd4 8. Nxd4
Bxg2 9. Kxg2 Bc5 10. Nf3 b4 11. a3 bxa3 12. Nxa3 Nc6 13. Qd3 O-O 14. Nc2 d5 15.
cxd5 Qxd5 16. Qxd5 Nxd5 17. e4 Nf6 18. Ra4 Rfc8 19. Bd2 a5 20. Rfa1 Ng4 21. h3
Nxf2 22. b4 Nxe4 23. bxc5 Nxc5 24. R4a3 Rab8 25. Be3 Nb4 26. Nce1 Ne4 27. Bf4
Nc2 28. Bxb8 Nxa3 29. Rxa3 Rxb8 30. Rxa5 Rb2+ 31. Kg1 f6 32. g4 Nf2 33. Ra8+
Kf7 34. Ra7+ Kg6 35. Nh4+ Kg5 36. Neg2 Nxh3+ 37. Kh2 Nf4 38. Rxg7+ Ng6 39. Kg3
f5 1/2-1/2

[Event "Kieler Open 2019-A"]
[Site "Kiel"]
[Date "2019.07.28"]
[Round "3.12"]
[White "Rendboe, John Filip"]
[Black "Ruhland, Cliff"]
[Result "1/2-1/2"]
[WhiteElo "2136"]
[BlackElo "1965"]
[Annotator "PH"]
[PlyCount "86"]
[EventDate "2019.??.??"]

1. d4 d5 2. c4 c6 3. Nf3 Nf6 4. cxd5 cxd5 5. Nc3 a6 6. Bf4 e6 7. e3 Be7 8. Bd3
O-O 9. Ne5 b5 10. O-O Bb7 11. Rc1 Nbd7 12. Qe2 Rc8 13. h3 Qa5 14. a3 Nxe5 15.
Bxe5 Rfe8 16. e4 Qb6 17. Rcd1 Nxe4 18. Nxe4 dxe4 19. Bxe4 Bd5 20. Bxd5 exd5 21.
Qg4 Bf8 22. Rc1 Qe6 23. Qxe6 fxe6 24. Bc7 Be7 25. f4 Bf6 26. Rfd1 g5 27. Be5
Be7 28. Rxc8 Rxc8 29. fxg5 Bxg5 30. Rd3 Kf7 31. h4 Bc1 32. b4 h5 33. Rg3 Bh6
34. Rf3+ Ke7 35. Bf6+ Kd7 36. Bg5 Bxg5 37. hxg5 Rg8 38. Rf7+ Kc6 39. Ra7 Rxg5
40. Rxa6+ Kd7 41. Rb6 Rg3 42. Ra6 Rd3 43. Ra5 Kc6 1/2-1/2

[Event "Kieler Open 2019-A"]
[Site "Kiel"]
[Date "2019.07.28"]
[Round "3.13"]
[White "Basey, Matthew"]
[Black "Saglam, Bülent"]
[Result "1/2-1/2"]
[WhiteElo "1852"]
[BlackElo "2125"]
[Annotator "HJH"]
[PlyCount "103"]
[EventDate "2019.??.??"]
[WhiteTeam "Kieler SG"]
[BlackTeam "SK Doppelbauer Kiel"]

1. d4 Nf6 2. Nf3 d5 3. c4 c6 4. cxd5 cxd5 5. Nc3 a6 6. Bf4 e6 7. e3 Be7 8. Ne5
O-O 9. Bd3 Qb6 10. Rb1 Bd7 11. g4 Bb5 12. Bc2 a5 13. Qf3 Ne4 14. Nxb5 Qxb5 15.
Bxe4 dxe4 16. Qxe4 Bb4+ 17. Kd1 Nc6 18. Qd3 Qd5 19. Ke2 Nxe5 20. Bxe5 Qxa2 21.
Qb5 Rac8 22. Bxg7 Rc2+ 23. Kf3 Rfc8 24. Bh6 Qd5+ 25. Qxd5 exd5 26. Rhd1 a4 27.
Bf4 R8c6 28. Bg3 Bd2 29. e4 Bc1 30. exd5 Rf6+ 31. Ke4 Bxb2 32. d6 Re6+ 33. Kd3
Rc3+ 34. Kd2 Rb3 35. d7 Bc3+ 36. Kd3 Ba5+ 37. Rxb3 axb3 38. Rb1 (38. Rc1) 38...
Re7 39. d8=R+ Bxd8 40. Bh4 Rd7 41. Bxd8 Rxd8 42. Rxb3 Rd7 43. Rb6 Kf8 44. Ke4
Re7+ 45. Kf4 Rd7 46. Ke5 Re7+ 47. Kf6 Re2 48. f4 Re4 49. Kf5 Rxd4 50. Rxb7 Rd5+
51. Ke4 Ra5 52. h4 1/2-1/2

[Event "Kieler Open 2019-A"]
[Site "Kiel"]
[Date "2019.07.28"]
[Round "3.14"]
[White "Haffner, Alexander"]
[Black "Probst, Alexander"]
[Result "1-0"]
[WhiteElo "2117"]
[BlackElo "1969"]
[Annotator "PH"]
[PlyCount "163"]
[EventDate "2019.??.??"]

1. d4 d5 2. Nf3 e6 3. c4 Nf6 4. Nc3 b6 5. cxd5 Nxd5 6. e4 Nxc3 7. bxc3 Bb7 8.
Bb5+ c6 9. Bd3 Be7 10. O-O O-O 11. a4 Nd7 12. a5 bxa5 13. Qa4 c5 14. Bf4 Nf6
15. Rfe1 cxd4 16. cxd4 Bb4 17. Bd2 Qe7 18. Rab1 Rfc8 19. Bxb4 axb4 20. Qxb4
Qxb4 21. Rxb4 Bc6 22. Ne5 Be8 23. Ba6 Rab8 24. Rxb8 Rxb8 25. f3 g6 26. Rd1 Rb6
27. Bf1 Ba4 28. Rc1 Nd7 29. Nc4 Rb4 {=} 30. d5 exd5 31. exd5 Bb5 32. Nd6 Bxf1
33. Rc8+ Kg7 34. Kxf1 Nf6 35. Rc7 Nxd5 36. Rxf7+ Kg8 37. Rxa7 Rb2 38. Ra8+ Kg7
39. Re8 Nf4 40. Nc4 Ra2 41. Ne3 Kf7 42. Rc8 h5 43. h4 Re2 44. Rc3 Ra2 45. Rb3
Rd2 46. Kg1 Rd3 47. Rb7+ Kf6 48. Kf2 Rd2+ 49. Kg3 Ne2+ 50. Kh2 Rd3 51. Rb6+ Kf7
52. Nc4 Rd5 53. Nd6+ Kg7 54. Rb7+ Kg8 55. Ne4 Rf5 56. Ng5 Nf4 57. Re7 Kf8 58.
Re4 Kg8 59. Kg3 Nd5 60. Re8+ Kg7 61. Rd8 Nf6 62. Rb8 Rd5 63. Ne6+ Kf7 64. Ng5+
Kg7 65. Rb6 Rd7 66. Ra6 Re7 67. Ra5 Rd7 68. Kf4 Rd5 69. Ra7+ Kg8 70. Ne4 Rf5+
71. Ke3 Nd5+ 72. Kd4 Nf4 73. g3 Ne6+ 74. Ke3 Rb5 75. Nf6+ Kf8 76. Nd7+ Kg8 77.
Nf6+ Kf8 78. Ke4 Rf5 79. Nd7+ Kg8 80. Ra6 Nc5+ 81. Nxc5 Rxc5 82. Rxg6+ 1-0